| 000 | 00446nam a2200157 4500 | ||
|---|---|---|---|
| 001 | 135941 | ||
| 003 | ES-MaACL | ||
| 005 | 20230906195008.0 | ||
| 007 | t| | ||
| 008 | 070214s1970 sp r ||||1| spa d | ||
| 100 | 1 |
_aRuiz García, Enrique. _9100814 |
|
| 245 | 1 | 3 |
_aEl Libro Rojo del desarme / _cEnrique Ruiz García. |
| 260 |
_aMadrid : _bSeminarios y Ediciones, _c1970. |
||
| 300 |
_a154 p. ; _c18 cm. |
||
| 852 |
_aES-MaACL _jC-49139 _bR.74178 |
||
| 999 |
_c135941 _d135941 |
||